Statistics for Pocket Planes South America Airports

Click here to take the quiz!

General Stats

  • This quiz has been taken 6 times
  • The average score is 19 of 28

Answer Stats

Population (Million)City% Correct
8.5Lima
100%
10.0Rio De Janeiro
100%
7.2Santiago
100%
10.0Sao Paulo
100%
7.9Bogota
83%
2.6Brasilia
83%
10.0Buenos Aires
83%
6.5Caracas
83%
3.6Fortaleza
83%
3.3Quito
83%
4.1Recife
83%
0.1Bariloche
67%
2.2Belem
67%
1.5Cordoba
67%
0.4Cuzco
67%
0.4Georgetown
67%
2.4La Paz
67%
0.1Punta Arenas
67%
2.3Asuncion
50%
0.5Cuiaba
50%
0.0Easter Island
50%
2.0Manuas
50%
4.9Salvador
50%
2.0Teresina
50%
0.2Araguaina
33%
1.0Campo Grande
33%
0.4Iquitos
33%
0.4Porto Velho
33%

Score Distribution

Percentile by Number Answered

Percent of People with Each Score

Your Score History

You have not taken this quiz